000
00211 a2200097 4500
001
25949
100
_a
gray C S
245
_a
Geopolitics of the Nuclear Era
260
_a
_b
NSI Center
_c
090
_c
17552
_d
17552
942
_a
NUST-CAE
_c
M
_c
8394
999
_c
261022
_d
261022